000 01259cam a22003131 4500
001 gs 33000109
003 DLC
005 20260227111337.0
008 780228m19339999msuab b 000 0 eng c
010 _ags 33000109
035 _a(OCoLC)3677725
040 _aLibrary, U.S. Geological Survey
_cOT
_dOCoLC
_dDLC
042 _apremarc
050 0 0 _aQE129
_b.A2 no. 25
110 2 _aMississippi Geological, Economic, and Topographical Survey.
245 1 0 _aCoastal plain stratigraphy of Mississippi,
_cby Lloyd W. Stephenson, C. Wythe Cooke and E.N. Lowe. Prepared in cooperation with the U.S. Geological Survey.
260 _bUniversity,
_c1933-
300 _av.
_billus., fold. maps.
_c24 cm.
490 1 _aIts Bulletin
_vno. 25
500 _aPublished by the survey under its earlier name: State Geological Survey.
504 _aBibliographical foot-notes.
505 1 _aPt. 1. Midway and Wilcox groups, by E.N. Lowe.
650 0 _aGeology, Stratigraphic
_yTertiary.
650 0 _aGeology
_zMississippi.
700 1 _aStephenson, Lloyd William,
_d1876-
700 1 _aCooke, Charles Wythe,
_d1887-
700 1 _aLowe, E. N.
_q(Ephraim Noble),
_d1864-1933.
810 2 _aMississippi Geological, Economic, and Topographical Survey.
_tBulletin
_vno. 25.
999 _c27025
_d27025